000 00369nam a2200157Ia 4500
008 230917s9999||||xx |||||||||||||| ||und||
020 _cPOU7.95
040 _e3937
_aMAIN
041 _aEnglish
082 _a301.412 C172B
100 _aCaplan, Paula J
245 0 _aBarriers between women
260 _aEngland
_bMTP Press
_c1981
300 _a149 p.
942 _cBK
999 _c221196
_d221196